000 00879nam a2200217Ia 4500
003 Ost
005 20260507075721.0
008 260507s9999||||xx |||||||||||||| ||und||
020 _a9789931248064
040 _cfsecg
041 _aara
082 _a614.7
100 _aزعيتر، فاتح
_eمؤلف
245 0 _aقياس جودة الخدمات الصحية /
_c فاتح زعيتر
260 _aالجزائر:
_bدار الباحث للنشر والاشهار,
_c2023
300 _a129 صفحة؛
_bإيضاحات ؛
_c24 سم
504 _aمراجع ص.119 ص.
520 _aالمدخل إلى الجودة، الخدمة الصحية،الجودة في المؤسسة الصحية،أبعادها وقياس وتقييم جودة الخدمة الصحية بالاضافة إلى الرقابة.
653 _aالرقابة الصحية
942 _cكتاب
999 _c45942
_d45942